Statistiken für Geographie nach Buchstabe - N

Klicken Sie hier um das Quiz zu spielen!

Allgemein

  • Dieses Quiz wurde 7.626 mal gespielt
    (7.621 seit der letzten Aktualisierung)
  • Das Durchschnittsergebnis liegt bei 14 aus 22

Antwortstatistiken

HinweisAntwort% Korrekt
Land im HimalayaNepal
97%
Längster Fluss der ErdeNil
97%
Land, das für seine Fjorde bekannt istNorwegen
94%
Die Stadt, die niemals schläftNew York City
91%
Land, das fälschlicherweise Holland genannt wirdNiederlande
91%
Bayrische Stadt und Schauplatz von Nazi-ProzessenNürnberg
90%
Stadt, in der die Pizza erfunden wurdeNeapel
89%
Kathedrale von Paris oder amerikanische UniversitätNotre-Dame
80%
Stadt, in der Jesus seine Jugend verbrachteNazareth
79%
Nicht sesshafte Menschen wie z.B. die BeduinenNomaden
79%
Stadt, welche durch eine Atombombe zerstört wurdeNagasaki
76%
Hauptstadt KeniasNairobi
74%
Französische Region am ÄrmelkanalNormandie
54%
Amerikas Hauptstadt der Country-MusikNashville
50%
Japanischer Name für JapanNihon
47%
US-Staat, in welchem die Gebrüder Wright den ersten Flug durchführtenNorth Carolina
45%
Nachname, den 39% aller Vietnamesen besitzenNguyen
42%
Die Grand Banks können vor der Küste dieser kanadischen Insel gefunden werdenNeufundland
39%
Bevölkerungsreichster Staat AustraliensNew South Wales
37%
Kaliforniens berühmteste WeinregionNapa Valley
24%
Größter Indianerstamm im Südwesten der USANavajo
19%
Insel vor Massachusetts, früher einmal Walfang-ZentrumNantucket
15%

Verteilung der Resultate

Perzentil nach korrekt beantworteten Fragen

Anzahl Personen mit jedem Resultat

Ihre Resultats-Entwicklung

Sie haben dieses Quiz seit der letzten Aktualisierung nicht gespielt